000 00543nam a2200169Ia 4500
003 GCL
008 140319s9999 xx 000 0 ara d
040 _aGCL /
_cGCL
082 0 4 _a842
_bج س
100 1 _aجيرودو، جان \\=aكمال فريدv
245 1 0 _aسيجفريد /
_cجيرودو، جان
490 _aروائع المسرح العالمى
_v0
650 0 4 _aالادب الفرنسى
650 0 4 _aالمسرحيات الفرنسية
650 0 4 _aالمسرحيات الفرنسية المترجمة
942 _2ddc
_cBK
999 _c49541
_d49541